[Event "SR 3. liga A2 2007/2008"]
[Site "?"]
[Date "2007.10.28"]
[Round "2"]
[White "Harasta, Juraj"]
[Black "Pinter, Marek"]
[Result "1-0"]
[WhiteElo "1649"]
[BlackElo "1350"]
[PlyCount "45"]
[EventDate "2007.??.??"]

1. e4 e5 2. f4 exf4 3. Nf3 d6 4. Bc4 Be6 5. Bb5+ Bd7 6. Bc4 Be6 7. Bxe6 fxe6 8.
d4 Nd7 9. Bxf4 h6 10. Nc3 a6 11. Qe2 Nb6 12. O-O Qd7 13. a4 g5 14. Bg3 Qc6 15.
Nh4 Ne7 16. Qh5+ Kd7 17. Rf7 Re8 18. Ng6 Rg8 19. Raf1 Bg7 20. Nxe7 Bxd4+ 21.
Kh1 Rxe7 22. Rxe7+ Kxe7 23. Qf7+ 1-0

[Event "SR 3. liga A2 2007/2008"]
[Site "?"]
[Date "2007.10.28"]
[Round "2"]
[White "Janko, Ladislav"]
[Black "Horak, Ivan"]
[Result "1-0"]
[WhiteElo "2195"]
[BlackElo "2140"]
[PlyCount "79"]
[EventDate "2007.??.??"]

1. e4 c5 2. Nf3 d6 3. c3 Nf6 4. h3 Nc6 5. Bd3 e5 6. Bc2 Be7 7. d3 b5 8. Nbd2 a6
9. Nf1 Qc7 10. Ng3 O-O 11. O-O Re8 12. Qe2 h6 13. Nh4 Bf8 14. f4 Nh7 15. fxe5
dxe5 16. Nhf5 Ne7 17. Be3 Nxf5 18. Nxf5 Re6 19. a4 Rb8 20. d4 cxd4 21. cxd4 Rc6
22. Bd3 Bxf5 23. Rxf5 exd4 24. Bf4 Qd8 25. Bxb8 Qxb8 26. axb5 axb5 27. Raf1 Rb6
28. Rxb5 Rxb5 29. Bxb5 Ng5 30. Bc4 Qg3 31. Qg4 Qe3+ 32. Kh1 Bd6 33. Bd5 Qd3 34.
Re1 Qd2 35. Rd1 Qc2 36. Re1 d3 37. h4 Qf2 38. Rg1 Nh7 39. g3 d2 40. Bb3 1-0

[Event "SR 3. liga A2 2007/2008"]
[Site "?"]
[Date "2007.10.28"]
[Round "2"]
[White "Kovarik, Oto"]
[Black "Sulek, Viliam"]
[Result "1/2-1/2"]
[WhiteElo "2054"]
[BlackElo "2172"]
[PlyCount "83"]
[EventDate "2007.??.??"]

1. e4 c5 2. Nf3 Nc6 3. d4 cxd4 4. Nxd4 Nf6 5. Nc3 d6 6. Be2 e5 7. Nb3 Be7 8.
O-O O-O 9. Be3 Be6 10. f3 a5 11. Bb5 Qc7 12. Qe2 d5 13. exd5 Nxd5 14. Nxd5 Bxd5
15. c4 Be6 16. Qf2 a4 17. Nc5 Bf5 18. Nxa4 Nd4 19. Kh1 Nxb5 20. Nb6 Nd4 21.
Nxa8 Rxa8 22. Bxd4 exd4 23. Qxd4 Bf6 24. Qd2 Qxc4 25. b3 Qh4 26. Rae1 g6 27. f4
Rd8 28. Qf2 Bd3 29. g3 Qh5 30. Qf3 Bxf1 31. Qxh5 gxh5 32. Rxf1 Rd2 33. Rc1 Rxa2
34. Rc5 h4 35. gxh4 Bxh4 36. Rb5 Ra7 37. Kg2 Bf6 38. Kf3 Bd4 39. Ke4 Bg1 40.
Rg5+ Kf8 41. Rxg1 Ra2 42. h3 1/2-1/2

[Event "SR 3. liga A2 2007/2008"]
[Site "?"]
[Date "2007.10.28"]
[Round "2"]
[White "Kantor, Reka"]
[Black "Sefcik, Marek"]
[Result "0-1"]
[WhiteElo "1780"]
[BlackElo "1955"]
[PlyCount "68"]
[EventDate "2007.??.??"]

1. Nf3 Nc6 2. c4 e5 3. Nc3 Nf6 4. d3 d5 5. cxd5 Nxd5 6. g3 Bb4 7. Bd2 O-O 8.
Bg2 Nxc3 9. bxc3 Ba5 10. O-O Qe7 11. c4 Bb6 12. Bc3 Rd8 13. Qc2 Nd4 14. Qb2 f6
15. Rab1 Bc5 16. Nxd4 exd4 17. Ba5 Rb8 18. Rfe1 b6 19. Bd2 Bb7 20. Bxb7 Rxb7
21. Qb5 Qd7 22. a4 c6 23. Qb3 Qf5 24. a5 Re7 25. axb6 axb6 26. Bb4 Rde8 27.
Bxc5 bxc5 28. Qc2 Qh5 29. Rb2 f5 30. Qd2 Qg4 31. h4 Re3 32. Kg2 f4 33. fxe3
Qxg3+ 34. Kf1 fxe3 0-1

[Event "SR 3. liga A2 2007/2008"]
[Site "?"]
[Date "2007.10.28"]
[Round "2"]
[White "Jozefovic, Milan"]
[Black "Puobis, Jozef"]
[Result "1/2-1/2"]
[WhiteElo "1932"]
[BlackElo "2021"]
[PlyCount "116"]
[EventDate "2007.??.??"]

1. e4 e5 2. Nf3 Nc6 3. Bc4 Be7 4. Nc3 Nf6 5. d4 d6 6. dxe5 Nxe5 7. Nxe5 dxe5 8.
Qxd8+ Bxd8 9. Bg5 c6 10. O-O-O O-O 11. f3 b5 12. Bd3 a5 13. g4 Be6 14. Kb1 Nd7
15. h4 Nc5 16. Be3 Be7 17. g5 Rfd8 18. Bxc5 Bxc5 19. Ne2 Be3 20. Ng3 b4 21. Nf5
Bc5 22. h5 Ra7 23. Be2 Rad7 24. Rxd7 Rxd7 25. Rd1 Rxd1+ 26. Bxd1 g6 27. hxg6
fxg6 28. Nh6+ Kg7 29. Ng4 Bxg4 30. fxg4 Be3 31. c3 c5 32. Kc2 Bxg5 33. Kd3 Bc1
34. b3 Bb2 35. c4 Bc1 36. Ke2 Kf6 37. Kf3 Kg5 38. Kg3 Bb2 39. Be2 Bc3 40. Bf1
h5 41. gxh5 Kxh5 42. Bh3 Be1+ 43. Kf3 Kh4 44. Be6 Bd2 45. Bd7 Kg5 46. Bc8 Bf4
47. Bd7 Kf6 48. Bc8 Bh6 49. Bd7 Bf8 50. Kg4 Be7 51. Be8 Bd8 52. Bd7 Ke7 53. Bc6
Kf8 54. Bd5 Bf6 55. Bc6 Ke7 56. Bd5 Ke8 57. Bc6+ Ke7 58. Bd5 Ke8 1/2-1/2

[Event "SR 3. liga A2 2007/2008"]
[Site "?"]
[Date "2007.10.28"]
[Round "2"]
[White "Bott, Tamas"]
[Black "Bilovsky, Milan"]
[Result "0-1"]
[WhiteElo "1827"]
[BlackElo "1872"]
[PlyCount "110"]
[EventDate "2007.??.??"]

1. e4 c5 2. d4 cxd4 3. Qxd4 Nc6 4. Qd3 Nf6 5. Nc3 e6 6. Nf3 Be7 7. e5 Nb4 8.
Qd1 Nfd5 9. Nxd5 Nxd5 10. Bd3 d6 11. O-O dxe5 12. Nxe5 O-O 13. Qh5 f5 14. Rd1
Qc7 15. Nf3 e5 16. Ng5 Nf6 17. Qe2 Kh8 18. Bc4 Bc5 19. Ne6 Bxe6 20. Bxe6 Ng4
21. Be3 Nxe3 22. fxe3 f4 23. Rd7 Bxe3+ 24. Kh1 f3 25. Qxe3 fxg2+ 26. Kg1 Qc6
27. Qxe5 Qb6+ 28. Qd4 Rf1+ 29. Rxf1 gxf1=Q+ 30. Kxf1 Qb5+ 31. c4 Rf8+ 32. Ke1
Qg5 33. Rf7 Rxf7 34. Bxf7 Qe7+ 35. Kd2 Qxf7 36. Qd8+ Qg8 37. Qxg8+ Kxg8 38. Kd3
Kf7 39. Ke4 Ke6 40. b4 Kd6 41. a4 a5 42. b5 Kc5 43. Ke5 $11 g5 44. Ke6 g4 45.
Ke5 h5 46. Ke4 h4 47. b6 Kxb6 48. Kf4 g3 49. hxg3 hxg3 50. Kxg3 Kc5 51. Kf3
Kxc4 52. Ke3 Kb4 53. Kd3 Kxa4 54. Kc3 b5 55. Kb2 Kb4 0-1

[Event "SR 3. liga A2 2007/2008"]
[Site "?"]
[Date "2007.10.28"]
[Round "2"]
[White "Hrubos, Milan"]
[Black "Kosar, Mikulas st"]
[Result "1-0"]
[WhiteElo "1726"]
[BlackElo "1902"]
[PlyCount "114"]
[EventDate "2007.??.??"]

1. e4 e5 2. Nf3 Nf6 3. Nxe5 Nxe4 4. d4 d6 5. Nf3 Nf6 6. c4 Be7 7. Nc3 Bf5 8.
Bd3 Bxd3 9. Qxd3 h6 10. O-O O-O 11. Be3 Nh7 12. b4 Ng5 13. Nxg5 Bxg5 14. f4 Be7
15. f5 Nd7 16. Nd5 Nf6 17. Nxe7+ Qxe7 18. Rae1 Qd7 19. Rf3 Rae8 20. Ref1 Re4
21. h3 Qe7 22. Rg3 Kh7 23. Rgf3 Re8 24. Bd2 Qd7 25. g4 Ng8 26. g5 f6 27. gxh6
Nxh6 28. Bxh6 Kxh6 29. Rf4 Rxf4 30. Rxf4 Kh7 31. Kf2 Qf7 32. Rh4+ Kg8 33. a4
Kf8 34. Rh8+ Ke7 35. Qe4+ Kd8 36. Rxe8+ Qxe8 37. Qxe8+ Kxe8 38. Ke3 Kd7 39. Ke4
b6 40. b5 c6 41. bxc6+ Kxc6 42. h4 a6 43. h5 a5 44. Kf4 d5 45. cxd5+ Kxd5 46.
Ke3 b5 47. axb5 a4 48. Kd3 a3 49. Kc3 a2 50. Kb2 Kxd4 51. b6 Ke4 52. b7 Kxf5
53. b8=Q Kg5 54. Qe8 f5 55. Qg6+ Kf4 56. Kxa2 Ke4 57. Kb2 Kf4 1-0

[Event "SR 3. liga A2 2007/2008"]
[Site "?"]
[Date "2007.10.28"]
[Round "2"]
[White "Kosar, Mikulas ml"]
[Black "Benak, Peter"]
[Result "1-0"]
[WhiteElo "1935"]
[BlackElo "1607"]
[PlyCount "89"]
[EventDate "2007.??.??"]

1. e4 Nf6 2. e5 Nd5 3. c4 Nb6 4. d4 d6 5. f4 Bf5 6. Nf3 e6 7. Be2 Be7 8. O-O
O-O 9. Nc3 dxe5 10. fxe5 Nc6 11. a3 a5 12. Be3 f6 13. Qe1 fxe5 14. dxe5 Nd7 15.
Rd1 Qc8 16. Qg3 Bc5 17. Bxc5 Nxc5 18. Nd4 Nxd4 19. Rxd4 Qe8 20. Rfd1 Bc2 21.
R1d2 Nb3 22. Rd7 Bg6 23. Rd1 Rf7 24. Rxf7 Qxf7 25. Qh4 Qe8 26. Nb5 Rc8 27. Nxc7
Qf7 28. Rd8+ Rxd8 29. Qxd8+ Qf8 30. Qxf8+ Kxf8 31. Nxe6+ Kg8 32. c5 Bf7 33. Nd8
Bd5 34. c6 bxc6 35. Nxc6 Nc1 36. Ne7+ Kf7 37. Nxd5 Nxe2+ 38. Kf2 Nd4 39. Ke3
Nc6 40. Ke4 g6 41. Nf4 Ke7 42. Kd5 Kd7 43. e6+ Kc7 44. Kc5 Ne7 45. Nd5+ 1-0

[Event "SR 3. liga A2 2007/2008"]
[Site "?"]
[Date "2007.10.28"]
[Round "2"]
[White "Husek, Lubomir"]
[Black "Kantor, Tamas ml"]
[Result "1/2-1/2"]
[WhiteElo "1600"]
[BlackElo "1788"]
[PlyCount "56"]
[EventDate "2007.??.??"]

1. d4 Nf6 2. c4 e6 3. Nf3 Be7 4. Nc3 d6 5. Bg5 Bd7 6. e4 h6 7. Bh4 O-O 8. Bd3
Nh7 9. Bxe7 Qxe7 10. O-O Ng5 11. Nxg5 Qxg5 12. f4 Qe7 13. Qd2 Nc6 14. Bc2 e5
15. fxe5 dxe5 16. d5 Nd4 17. Ne2 Nxc2 18. Qxc2 Qc5+ 19. Kh1 Qe3 20. Rf3 Qg5 21.
Rg3 Qh4 22. Rf1 f5 23. exf5 Bxf5 24. Qd2 Bg4 25. Rxf8+ Rxf8 26. Ng1 Rf4 27. b3
b6 28. Qe3 Qf6 1/2-1/2

[Event "SR 3. liga A2 2007/2008"]
[Site "?"]
[Date "2007.10.28"]
[Round "2"]
[White "Stetina, Erik"]
[Black "Sebesta, Radovan"]
[Result "1/2-1/2"]
[WhiteElo "2085"]
[BlackElo "2118"]
[PlyCount "118"]
[EventDate "2007.??.??"]

1. e4 c5 2. c4 Nc6 3. g3 g6 4. Bg2 Bg7 5. d3 Nf6 6. Ne2 O-O 7. O-O d6 8. Nbc3
Bg4 9. f3 Bd7 10. h3 Rb8 11. a4 a5 12. f4 e6 13. g4 Ne8 14. Be3 b6 15. Qd2 Nc7
16. Ng3 Nd4 17. Rae1 f5 18. Nb5 Ncxb5 19. axb5 fxg4 20. Kh2 gxh3 21. Bxh3 e5
22. f5 gxf5 23. exf5 Kh8 24. Rf2 Bf6 25. Bxd4 exd4 26. Qf4 Be5 27. Rxe5 dxe5
28. Qxe5+ Qf6 29. Qf4 Rbe8 30. Bg2 Qe5 31. Be4 Qxf4 32. Rxf4 Rf6 33. Rh4 Rg8
34. Rh5 Rg4 35. Kg2 Be8 36. Rh3 h5 37. Kf3 Rxg3+ 38. Rxg3 Kh7 39. Kf4 Rf8 40.
Ke5 Kh6 41. Kd6 h4 42. Rg1 Bh5 43. Ke7 Rf7+ 44. Ke6 Rf8 $11 45. f6 Re8+ 46. Kf5
Bf7 47. Rg7 h3 48. Rg1 Be6+ 49. Kf4 Rg8 50. Rh1 Rf8 51. Bf5 Rxf6 52. Rxh3+ Kg7
53. Rh7+ Kg8 54. Rh5 Bxf5 55. Rxf5 Re6 56. Re5 Kf7 57. Rxe6 Kxe6 58. Ke4 a4 59.
Kf4 Kf6 $11 1/2-1/2

[Event "SR 3. liga A2 2007/2008"]
[Site "?"]
[Date "2007.10.28"]
[Round "2"]
[White "Palka, Miroslav"]
[Black "Sturdik, Igor"]
[Result "1-0"]
[WhiteElo "2045"]
[BlackElo "2020"]
[PlyCount "120"]
[EventDate "2007.??.??"]

1. c4 e5 2. Nc3 Nc6 3. e4 Bc5 4. g3 d6 5. Bg2 f5 6. Nge2 Nf6 7. d3 fxe4 8. dxe4
O-O 9. h3 Be6 10. b3 Nh5 11. O-O Qf6 12. Kh2 Qg6 13. f4 Qe8 14. f5 Bf7 15. Nd5
Bxd5 16. cxd5 Nd4 17. Bb2 Nxe2 18. Qxe2 Nf6 19. Rac1 Rc8 20. a3 Bb6 21. Rc2 c5
22. dxc6 bxc6 23. Rd1 Qe7 24. Rcd2 Rfd8 25. g4 Ne8 26. b4 Qf7 27. Rd3 h6 28.
Bc1 Qe7 29. Be3 Bxe3 30. Qxe3 Rc7 31. Kg3 Qg5 32. Qxg5 hxg5 33. h4 gxh4+ 34.
Kxh4 Rb8 35. Rc3 Kf8 36. Rdc1 Rb6 37. Bf1 Nf6 38. Bd3 Nd7 39. g5 c5 40. b5 Ke7
41. Bc4 Rb8 42. Rh3 Rh8+ 43. Kg4 Rxh3 44. Kxh3 Rc8 45. Rh1 Rh8+ 46. Kg2 Rxh1
47. Kxh1 Nb6 48. Bd3 d5 49. exd5 Nxd5 50. Kg1 Nf4 51. Bf1 Kd6 52. Kf2 c4 53. g6
Kc5 54. a4 Kb4 55. f6 Nxg6 56. fxg7 Ne7 57. Be2 c3 58. Bd1 Ng8 59. Ke3 Nf6 60.
Kd3 e4+ 1-0

[Event "SR 3. liga A2 2007/2008"]
[Site "?"]
[Date "2007.10.28"]
[Round "2"]
[White "Bukovsky, Milan"]
[Black "Skapikova, Lubica"]
[Result "1-0"]
[WhiteElo "2024"]
[BlackElo "1988"]
[PlyCount "87"]
[EventDate "2007.??.??"]

1. c4 e5 2. Nc3 Nf6 3. Nf3 Nc6 4. e4 Bc5 5. Nxe5 Bxf2+ 6. Kxf2 Nxe5 7. d4 Neg4+
8. Kg1 d6 9. h3 Nh6 10. Bg5 Nhg8 11. e5 h6 12. exf6 hxg5 13. fxg7 Rh7 14. Qe1+
Qe7 15. Qf2 Kd8 16. Nd5 Qe6 17. Re1 Qg6 18. Qe3 Bd7 19. Bd3 f5 20. Ne7 Qxg7 21.
Nxf5 Qf6 22. Nxd6 Re7 23. Ne4 Qg7 24. Kh2 g4 25. h4 Nf6 26. Qg5 Nxe4 27. Rxe4
Qxg5 28. hxg5 Rxe4 29. Bxe4 Ke7 30. Kg3 Rg8 31. Rh7+ Kd8 32. g6 b6 33. Kh4 Be6
34. d5 Bd7 35. Kg5 a5 36. Bf5 Be8 37. g3 b5 38. c5 b4 39. d6 cxd6 40. cxd6 b3
41. a3 a4 42. Rc7 Rxg6+ 43. Bxg6 Bf7 44. Bf5 1-0

[Event "SR 3. liga A2 2007/2008"]
[Site "?"]
[Date "2007.10.28"]
[Round "2"]
[White "Zisek, Jaroslav"]
[Black "Krist, Milan"]
[Result "1/2-1/2"]
[WhiteElo "1922"]
[BlackElo "2055"]
[PlyCount "36"]
[EventDate "2007.??.??"]

1. c4 c5 2. Nf3 Nf6 3. d4 d5 4. cxd5 cxd4 5. Nxd4 Nxd5 6. e4 Nf6 7. Nc3 e5 8.
Ndb5 Qxd1+ 9. Kxd1 Na6 10. f3 Be7 11. Bc4 O-O 12. Be3 b6 13. Ke2 Nb4 14. Bb3
Ba6 15. a3 Nc6 16. Kf2 Na5 17. Ba2 Bxb5 18. Nxb5 Rfc8 1/2-1/2

[Event "SR 3. liga A2 2007/2008"]
[Site "?"]
[Date "2007.10.28"]
[Round "2"]
[White "Mosny, Jaroslav"]
[Black "Palka, Martin"]
[Result "1-0"]
[WhiteElo "2014"]
[BlackElo "1912"]
[PlyCount "59"]
[EventDate "2007.??.??"]

1. d4 Nf6 2. Nf3 e6 3. e3 c5 4. Bd3 d5 5. b3 Nc6 6. O-O cxd4 7. exd4 Bd6 8. c4
h6 9. Bb2 Nb4 10. Be2 Ne4 11. Nbd2 f5 12. Ne5 O-O 13. a3 Nc6 14. Rc1 Nxd2 15.
Qxd2 Qf6 $11 16. cxd5 exd5 17. Bf3 Ne7 18. Qa5 Be6 19. Qb5 b6 20. Rfe1 Rad8 21.
Nc6 Nxc6 22. Qxc6 Bf7 23. b4 Kh8 24. Qb7 Bb8 25. Rc6 Rd6 26. Rec1 Rxc6 27. Rxc6
Qd8 28. Rc3 Re8 29. Re3 Rxe3 30. fxe3 {èierny èas} 1-0

[Event "SR 3. liga A2 2007/2008"]
[Site "?"]
[Date "2007.10.28"]
[Round "2"]
[White "Fidericky, Milan"]
[Black "Puchart, Vladimir"]
[Result "1/2-1/2"]
[WhiteElo "1883"]
[BlackElo "2024"]
[PlyCount "63"]
[EventDate "2007.??.??"]

1. c4 Nf6 2. Nc3 c5 3. e4 Nc6 4. f4 d6 5. Nf3 g6 6. Be2 Bg7 7. O-O O-O 8. Rb1
Nd4 9. d3 a6 10. Bd2 b5 11. Nd5 bxc4 12. Nxf6+ Bxf6 13. dxc4 Rb8 14. b3 Bb7 15.
Bd3 Qc7 16. f5 Nxf3+ 17. gxf3 gxf5 18. exf5 Bd4+ 19. Kh1 Kh8 20. Qe2 Rg8 21.
Be3 Be5 22. Be4 Rg7 23. Rg1 Rbg8 24. Rxg7 Rxg7 25. Rg1 Rxg1+ 26. Kxg1 Bxe4 27.
fxe4 Qb7 28. Qg2 a5 29. Qc2 Qa8 30. Kf1 Qg8 31. Qg2 Qa8 32. Qc2 $11 1/2-1/2

[Event "SR 3. liga A2 2007/2008"]
[Site "?"]
[Date "2007.10.28"]
[Round "2"]
[White "Hagara, Vladimir"]
[Black "Havlicek, Peter"]
[Result "1-0"]
[WhiteElo "1972"]
[BlackElo "1688"]
[PlyCount "199"]
[EventDate "2007.??.??"]

1. d4 Nf6 2. c4 e6 3. Nc3 d5 4. Bg5 Be7 5. e3 O-O 6. Nf3 h6 7. Bh4 Nbd7 8. Rc1
c6 9. Bd3 dxc4 10. Bxc4 Nd5 11. Bxe7 Qxe7 12. O-O N7f6 13. Bd3 Nh7 14. Ne5 Rd8
15. Qe2 Nxc3 16. Rxc3 Bd7 17. Bb1 Nf8 18. a3 Be8 19. Ba2 Nd7 20. Nd3 g6 21.
Rfc1 Nb6 22. Nc5 Nd5 23. R3c2 Rac8 24. Nd3 Kg7 25. Qf3 Qf6 26. Qg3 Qe7 27. Nc5
Qc7 28. Qf3 Qe7 29. Ne4 Rc7 30. Qg3 Rdc8 31. Qe5+ f6 32. Qg3 Bf7 33. Nd6 Rd8
34. Nxf7 Qxf7 35. Rc5 Rcd7 36. h3 Qe7 37. b4 Qd6 38. Qxd6 Rxd6 39. b5 cxb5 40.
Rxb5 b6 41. Bxd5 exd5 42. a4 R8d7 43. a5 bxa5 44. Rxa5 a6 45. Rc8 Ra7 46. Kf1
Kf7 47. Rh8 Kg7 48. Rb8 Kf7 49. Ke2 f5 50. h4 h5 51. Rh8 Kf6 52. Re8 Re6 53.
Rd8 f4 54. Rdxd5 Rae7 55. Ra3 Rb7 56. Kf3 fxe3 57. fxe3 Ke7 58. Rda5 Rf6+ 59.
Ke4 Rbb6 60. Kd3 Rf2 61. Rg5 Kf7 62. Rc3 Kf6 63. d5 Kg7 64. Rc7+ Rf7 65. Rc3 a5
66. e4 a4 67. e5 Ra7 68. Ra3 Rb3+ 69. Rxb3 axb3 70. Kc3 Rb7 71. Kb2 Kf7 72. Rg3
Rb5 73. Rd3 Ke7 74. Rd2 Kd7 75. Rd3 Ke7 76. d6+ Kd8 77. e6 Re5 78. e7+ Kd7 79.
Kxb3 g5 80. hxg5 Rxg5 81. g3 Re5 82. Kc4 Re1 83. Kd5 Re6 84. Kc5 Re1 85. Rd5
Rc1+ 86. Kd4 Rd1+ 87. Ke5 Re1+ 88. Kf5 Rf1+ 89. Kg5 Re1 90. Kxh5 Re6 91. g4 Re1
92. Kg6 Re6+ 93. Kf7 Re1 94. g5 Rf1+ 95. Kg7 Re1 96. g6 Re2 97. Kf6 Rf2+ 98.
Rf5 Rg2 99. g7 Rg3 100. Kf7 1-0

[Event "SR 3. liga A2 2007/2008"]
[Site "?"]
[Date "2007.10.28"]
[Round "2"]
[White "Beran, Jan"]
[Black "Steinecker, Frantisek"]
[Result "0-1"]
[WhiteElo "1686"]
[BlackElo "1720"]
[PlyCount "162"]
[EventDate "2007.??.??"]

1. d4 d6 2. c4 Nf6 3. Nc3 g6 4. Nf3 Bg7 5. e3 O-O 6. Bd3 c6 7. O-O Na6 8. a3
Qa5 9. Bd2 Qh5 10. Be2 Qa5 11. Qc2 Qd8 12. Rac1 Nc7 13. h3 Be6 14. e4 Rc8 15.
Ng5 Bd7 16. Rcd1 h6 17. Nf3 b5 18. Qc1 Kh7 19. e5 Ng8 20. Bf4 Ne6 21. Bg3 bxc4
22. exd6 exd6 23. Bxd6 Re8 24. Bxc4 Bf8 25. Bg3 Nf6 26. Ne5 Kg7 27. Bh4 Be7 28.
Rfe1 Nd5 29. Bxe7 Rxe7 30. Nxd7 Rxd7 31. Ne4 Nef4 32. Nc5 Qg5 33. Bf1 Rd6 34.
g3 Ne6 35. Nxe6+ fxe6 36. Qxg5 hxg5 37. Bc4 Rf8 38. Re2 Kf6 39. Rd3 Ke7 40.
Red2 Nf6 41. f3 Rfd8 42. Kf2 Rh8 43. Kg2 Rhd8 44. Kf2 Nd7 45. Re2 Nb6 46. Ba2
Kf6 47. Rc2 Rxd4 48. Rxd4 Rxd4 49. Rxc6 Rd2+ 50. Ke1 Rxb2 51. Rxe6+ Kf5 52. Re2
Rxe2+ 53. Kxe2 Na4 54. Kd2 Nc5 55. Bb1+ Kf6 56. Bc2 Nd7 57. Ba4 Ne5 58. Ke2 Nc4
59. Bd7 Nxa3 60. Bg4 Ke5 61. Ke3 Nc4+ 62. Kd3 Nd6 63. Ke3 Nf5+ 64. Kf2 a5 65.
f4+ gxf4 66. gxf4+ Kxf4 67. Bd1 Nd4 68. Ba4 g5 69. Kg2 Ne6 70. Bd7 Nc5 71. Bc6
a4 72. Bxa4 Nxa4 73. Kf2 Nc5 74. Kg2 Nd3 75. Kh2 Ne1 76. h4 Nf3+ 77. Kh3 Nxh4
78. Kh2 g4 79. Kg1 Kg3 80. Kh1 Kf2 81. Kh2 g3+ 0-1

[Event "SR 3. liga A2 2007/2008"]
[Site "?"]
[Date "2007.10.28"]
[Round "2"]
[White "Manak, Jozef"]
[Black "Pribila, Gerhard"]
[Result "1/2-1/2"]
[WhiteElo "2042"]
[BlackElo "2026"]
[PlyCount "34"]
[EventDate "2007.??.??"]

1. e4 c5 2. Nf3 d6 3. d4 cxd4 4. Nxd4 Nf6 5. Bd3 g6 6. O-O Bg7 7. c3 O-O 8. f4
Nc6 9. Nc2 a6 10. h3 b5 11. Be3 Bb7 12. Nd2 Nd7 13. Nb3 Nb6 14. Qe2 Na4 15.
Ncd4 Na5 16. Nxa5 Qxa5 17. Nb3 Qc7 $11 1/2-1/2

[Event "SR 3. liga A2 2007/2008"]
[Site "?"]
[Date "2007.10.28"]
[Round "2"]
[White "Pribila, Michal"]
[Black "Furjel, Andrej"]
[Result "1/2-1/2"]
[WhiteElo "2067"]
[BlackElo "2033"]
[PlyCount "51"]
[EventDate "2007.??.??"]

1. e4 c5 2. Nf3 d6 3. d4 cxd4 4. Nxd4 Nf6 5. Nc3 a6 6. Bg5 e6 7. Qd2 Be7 8. f3
Qc7 9. O-O-O O-O 10. g4 Nbd7 11. h4 b5 12. h5 Bb7 13. Be3 b4 14. Nce2 Rac8 15.
Bg2 Nc5 16. Ng3 d5 17. e5 Nfd7 18. f4 a5 19. g5 a4 20. Kb1 b3 21. cxb3 axb3 22.
axb3 Ba6 23. Bf1 Bxf1 24. Rhxf1 Qb7 25. b4 Na4 26. Nc2 1/2-1/2

[Event "SR 3. liga A2 2007/2008"]
[Site "?"]
[Date "2007.10.28"]
[Round "2"]
[White "Mihalik, Anton"]
[Black "Kocak, Branislav"]
[Result "1/2-1/2"]
[WhiteElo "1981"]
[BlackElo "1855"]
[PlyCount "55"]
[EventDate "2007.??.??"]

1. e4 c5 2. Nc3 d6 3. g3 Nf6 4. Bg2 e5 5. d3 Be7 6. Nge2 Nc6 7. O-O Nd4 8. h3
h6 9. f4 a6 10. Kh2 Bd7 11. Nxd4 cxd4 12. Ne2 Qc8 13. c3 dxc3 14. Nxc3 g5 15.
fxe5 dxe5 16. d4 h5 17. Bxg5 Ng4+ 18. hxg4 hxg4+ 19. Kg1 Bxg5 20. Qd3 Be6 21.
Nd5 Qd8 22. Rfe1 Qd6 23. Rad1 Rd8 24. Qc3 Rc8 25. Qd3 exd4 26. Qxd4 Qc5 27.
Qxc5 $11 Rxc5 28. Re2 1/2-1/2

[Event "SR 3. liga A2 2007/2008"]
[Site "?"]
[Date "2007.10.28"]
[Round "2"]
[White "Vach, Jozef"]
[Black "Curidlo, Jan"]
[Result "1/2-1/2"]
[WhiteElo "1944"]
[BlackElo "2042"]
[PlyCount "55"]
[EventDate "2007.??.??"]

1. d4 Nf6 2. Bg5 Ne4 3. Bh4 d5 4. Nd2 Nd6 5. e3 Nf5 6. Bg3 c6 7. Bd3 e6 8. c3
Be7 9. Qc2 g6 10. Ne2 Nd7 11. Nf3 c5 12. e4 Nxg3 13. Nxg3 dxe4 14. Nxe4 cxd4
15. Nxd4 O-O 16. O-O e5 17. Nb3 b6 18. Rad1 Qc7 19. Qd2 Kg7 20. Bb1 Rd8 21. Qe2
f5 22. Ng3 Bf6 23. Rfe1 Nf8 24. Rxd8 Qxd8 25. Rd1 Qc7 26. Qd2 Be6 27. Bc2 Rd8
28. Qe1 1/2-1/2

[Event "SR 3. liga A2 2007/2008"]
[Site "?"]
[Date "2007.10.28"]
[Round "2"]
[White "Bincik, Pavol"]
[Black "Brunovsky, Peter"]
[Result "1/2-1/2"]
[WhiteElo "1889"]
[BlackElo "1687"]
[PlyCount "102"]
[EventDate "2007.??.??"]

1. d4 Nf6 2. c4 g6 3. Nc3 Bg7 4. e4 d6 5. f3 O-O 6. Be3 Na6 7. Bd3 c5 8. d5 Nc7
9. Qd2 Bd7 10. Bh6 a6 11. Bxg7 Kxg7 12. Nge2 b5 13. b3 b4 14. Nd1 a5 15. a4
bxa3 16. Rxa3 a4 17. bxa4 Rxa4 18. Rxa4 Bxa4 19. Ndc3 Bd7 20. Nb5 Na6 21. O-O
Nb4 22. Ra1 Qb6 23. Nec3 Bxb5 24. Nxb5 Nxd3 25. Qxd3 Rb8 26. Ra7 Rb7 27. Ra4
Ne8 28. Qc3+ f6 29. Ra8 Nc7 30. Ra5 Nxb5 31. Rxb5 Qa6 32. Qb2 Ra7 33. Qc2 Qa1+
34. Rb1 Qd4+ 35. Kh1 Ra1 36. Rc1 g5 37. h3 h5 38. Rxa1 Qxa1+ 39. Kh2 h4 40. Qd3
Qe5+ 41. Kg1 Qa1+ 42. Kf2 Qb2+ 43. Qe2 Qd4+ 44. Kf1 Qa1+ 45. Qe1 Qd4 46. Qc1
Qd3+ 47. Kg1 Qd4+ 48. Kh1 Qf2 49. Qc3 Qf1+ 50. Kh2 Qf2 51. Qa5 Qe3 1/2-1/2

[Event "SR 3. liga A2 2007/2008"]
[Site "?"]
[Date "2007.10.28"]
[Round "2"]
[White "Zajicek, Ferdinand"]
[Black "Slaby, Jozef"]
[Result "1-0"]
[WhiteElo "1798"]
[BlackElo "1945"]
[PlyCount "125"]
[EventDate "2007.??.??"]

1. e4 e6 2. Nf3 d5 3. exd5 exd5 4. d4 Bg4 5. Be2 Nf6 6. O-O Be7 7. Re1 O-O 8.
Nc3 c6 9. a3 Nbd7 10. Bf4 Re8 11. Ne5 Bxe2 12. Rxe2 Nh5 13. Qd2 Nxf4 14. Qxf4
f6 15. Nxd7 Qxd7 16. Rae1 Bd6 17. Qf3 Rxe2 18. Rxe2 Kf8 19. h3 b5 20. Nd1 a5
21. Kf1 a4 22. Ne3 Re8 23. Qf5 Qxf5 24. Nxf5 Rxe2 25. Kxe2 Bf4 26. Ne3 g6 27.
g3 Bh6 28. f4 Kf7 29. c3 Ke6 30. h4 Bf8 31. Kf3 h6 32. g4 f5 33. g5 hxg5 34.
hxg5 c5 $11 35. Nc2 Bd6 36. Ke3 Bf8 37. Ne1 cxd4+ 38. cxd4 b4 39. axb4 Bxb4 40.
Nd3 a3 41. bxa3 Bxa3 42. Ne5 Bc1+ 43. Kf3 Bb2 44. Nxg6 Bxd4 45. Nh4 Bg7 46. Ke3
Bb2 47. Kd2 Bd4 48. Kd3 Bg7 49. Nf3 Bb2 50. Nd4+ Kf7 51. Nxf5 Bc1 52. Ne3 Ke6
53. f5+ Ke5 54. g6 Kf6 55. Nxd5+ Kg7 56. Ke4 Bb2 57. Nf4 Kh6 58. Ne6 Bc3 59.
Kd5 Bf6 60. Nf4 Kg5 61. Ke6 Bb2 62. Nd5 Kh6 63. Kf7 1-0

[Event "SR 3. liga A2 2007/2008"]
[Site "?"]
[Date "2007.10.28"]
[Round "2"]
[White "Gono, Michal"]
[Black "Kastler, Peter"]
[Result "0-1"]
[WhiteElo "1682"]
[BlackElo "1679"]
[PlyCount "86"]
[EventDate "2007.??.??"]

1. d4 d5 2. c4 e6 3. Nc3 Nf6 4. Bg5 Bb4 5. e3 c6 6. Qb3 Bd6 7. c5 Be7 8. Nf3
Nbd7 9. Bd3 O-O 10. O-O e5 11. Nxe5 Nxe5 12. dxe5 Nd7 13. Bxe7 Qxe7 14. Qc2 g6
15. f4 Nxc5 16. e4 Nxd3 17. Qxd3 dxe4 18. Nxe4 Bf5 19. Qd6 Qd8 20. Nf6+ Kg7 21.
Qxd8 Raxd8 22. Rad1 Bc2 23. Rc1 Rd2 24. Rf2 Rxf2 25. Kxf2 Bf5 26. Rd1 Rc8 27.
g4 Be6 28. a3 Bd5 29. Ke3 Rd8 30. b4 a6 31. Nxd5 cxd5 32. Rc1 Rd7 33. Kd4 Kf8
34. Rc5 Ke7 35. Rxd5 Rc7 36. Rc5 Rd7+ 37. Ke4 Rd2 38. Rc7+ Ke8 39. Rxb7 Ra2 40.
Ra7 Rxa3 41. Kd5 Rb3 42. Kc4 Ra3 43. b5 axb5+ 0-1

[Event "SR 3. liga A2 2007/2008"]
[Site "?"]
[Date "2007.10.28"]
[Round "2"]
[White "Papanek, Lubomir"]
[Black "Orvisky, Vladimir"]
[Result "1/2-1/2"]
[WhiteElo "1667"]
[BlackElo "1880"]
[PlyCount "76"]
[EventDate "2007.??.??"]

1. d4 d5 2. Bf4 Nf6 3. Nf3 Bf5 4. e3 c6 5. Bd3 Bxd3 6. cxd3 e6 7. O-O Bd6 8.
Ne5 Qc7 9. Nd2 Nbd7 10. Nxd7 Qxd7 11. Bxd6 Qxd6 12. Nf3 O-O 13. h3 Rac8 14. Rc1
Rc7 15. Qd2 Rfc8 16. Rc2 c5 17. dxc5 Rxc5 18. Rfc1 R8c6 19. Rxc5 Rxc5 20. Rxc5
Qxc5 21. Qc3 Qxc3 22. bxc3 Nd7 23. Kf1 Kf8 24. Ke2 Ke7 25. d4 f6 26. Nd2 b5 27.
f3 Kd6 28. e4 e5 29. Kd3 Nb6 30. Nb3 Nd7 31. Ke3 g5 32. g4 h6 33. Na5 Nf8 34.
Nb7+ Kc7 35. Nc5 Kd6 36. Nb7+ Kc7 37. Nc5 Kc6 38. Nd3 Kd6 1/2-1/2